| 000 | 00818cam a2200253 a 4500 | ||
|---|---|---|---|
| 001 | a4080 | ||
| 003 | SIRSI | ||
| 008 | 100520s2011 cauab b 001 0 eng | ||
| 010 | _a2010021202 | ||
| 020 | _a9781412988056 (pbk.) | ||
| 020 | _a1412988055 (pbk.) | ||
| 035 | _a(Sirsi) i9781412988056 | ||
| 050 | 0 | 0 |
_aHN59.2 _b.L46 2011 |
| 082 | 0 | 0 |
_a361.10973 _222 |
| 100 | 1 | _aLeon-Guerrero, Anna. | |
| 245 | 1 | 0 |
_aSocial problems : _bcommunity, policy, and social action / _cAnna Leon-Guerrero. |
| 250 | _a3rd ed. | ||
| 260 |
_aThousand Oaks, Calif. : _bPine Forge Press, _cc2011. |
||
| 300 |
_axxiii, 524 p. : _bill. (some col.), col. maps ; _c26 cm. |
||
| 504 | _aIncludes bibliographical references and index. | ||
| 650 | 0 |
_aSocial problems _zUnited States. |
|
| 650 | 0 | _aSocial problems. | |
| 650 | 0 | _aCritical thinking. | |
| 999 |
_c18129 _d18129 |
||